000 00841nam a2200217 4500
003 LK-CoMWRAF
005 20231203125612.0
008 231203b2005 |||||||| |||| 00| 0 eng d
020 _a 9834240058
040 _aLK-CoMWRAF
_dLK-CoMWRAF
_eLK-CoMWRAF
041 _aeng
082 _a306.8
_bCHI
100 _aChiongson, Rea A.
245 _aThe right to decide if, when and whom to marry :
_b obligations of the state under CEDAW and other international human rights instruments
260 _a Kuala Lumpur:
_bInternational Women's Rights Action Watch Asia Pacific,
_c2004
300 _a ii, 33 p. ; 22 cm.
490 _aIWRAW Asia Pacific occasional papers series
_vNo. 6
650 _aFORCED MARRIAGE
856 _uhttps://www.iwraw-ap.org/wp-content/uploads/2018/08/OPS_6-THE-RIGHT-TO-DECIDE-IFWHEN-WHOM-TO-MARRY.pdf
942 _cBK
999 _c4286
_d4286